000
00272 a2200145 4500
001
63952
040
_c
Anchieta - Pituba
100
_a
Ricoeur, Paul
240
1
0
_a
O mal
_l
por
245
1
0
_a
O mal
300
_a
53
362
0
_a
1988
650
4
_a
Teodicéia
942
_c
BK
999
_c
63952
_d
63952